A prince shall come, (Record no. 18131)

MARC details
000 -LEADER
fixed length control field 00719cam a22002291 4500
001 - CONTROL NUMBER
control field ca 36000857
003 - CONTROL NUMBER IDENTIFIER
control field DLC
005 - DATE AND TIME OF LATEST TRANSACTION
control field 20260227111141.0
008 - FIXED-LENGTH DATA ELEMENTS--GENERAL INFORMATION
fixed length control field 790413s1933 xx 000 0 eng
010 ## - LIBRARY OF CONGRESS CONTROL NUMBER
LC control number ca 36000857
035 ## - SYSTEM CONTROL NUMBER
System control number (OCoLC)4854957
040 ## - CATALOGING SOURCE
Original cataloging agency DLC
Transcribing agency OCl
Modifying agency DLC
042 ## - AUTHENTICATION CODE
Authentication code premarc
050 00 - LIBRARY OF CONGRESS CALL NUMBER
Classification number PN6120.P3
Item number E8
082 ## - DEWEY DECIMAL CLASSIFICATION NUMBER
Classification number 792.3
100 1# - MAIN ENTRY--PERSONAL NAME
Personal name Ewert, Edna May.
245 12 - TITLE STATEMENT
Title A prince shall come,
Remainder of title pantomime play, with music and feature dances,
Statement of responsibility, etc. by Edana May Ewert and Thelma Lamb.
260 ## - PUBLICATION, DISTRIBUTION, ETC.
Place of publication, distribution, etc. Franklin, O.,
-- Denver, Colo.,
Name of publisher, distributor, etc. Eldridge entertainment house, incorporated,
Date of publication, distribution, etc. c1933.
300 ## - PHYSICAL DESCRIPTION
Extent 13 p.
Dimensions 19 cm.
490 0# - SERIES STATEMENT
Series statement Eldridge novel entertainments
700 1# - ADDED ENTRY--PERSONAL NAME
Personal name Lamb, Thelma,
Relator term joint author.

No items available.

Powered by Koha